I never knew what was in the Bible! / (Record no. 14849)
[ view plain ]
| 000 -LEADER | |
|---|---|
| fixed length control field | 00920nam a22002532 4500 |
| 001 - CONTROL NUMBER | |
| control field | 0000000695 |
| 005 - DATE AND TIME OF LATEST TRANSACTION | |
| control field | 20151217161127.0 |
| 008 - FIXED-LENGTH DATA ELEMENTS--GENERAL INFORMATION | |
| fixed length control field | 070215s xx 000 0 eng d |
| 020 ## - INTERNATIONAL STANDARD BOOK NUMBER | |
| International Standard Book Number | 0785213821 : |
| Terms of availability | KES 1,560 |
| 040 ## - CATALOGING SOURCE | |
| Original cataloging agency | KABU |
| Transcribing agency | KABU |
| 050 #0 - LIBRARY OF CONGRESS CALL NUMBER | |
| Classification number | BS440 |
| Item number | .I54 1999 |
| 130 0# - MAIN ENTRY--UNIFORM TITLE | |
| Uniform title | Bible. |
| Language of a work | English. |
| Version | Authorized. |
| -- | 0000148991 |
| 245 10 - TITLE STATEMENT | |
| Title | I never knew what was in the Bible! / |
| Statement of responsibility, etc. | edited by Martin H. Manser; assistant editors: Natasha F. Fleming, Kate Hughes; illustrated by Dana Long. |
| 260 ## - PUBLICATION, DISTRIBUTION, ETC. (IMPRINT) | |
| Place of publication, distribution, etc. | Nashville : |
| Name of publisher, distributor, etc. | Thomas Nelson Publishers, |
| Date of publication, distribution, etc. | 1999. |
| 300 ## - PHYSICAL DESCRIPTION | |
| Extent | xvi, 535 p. ; |
| Dimensions | 24 cm. |
| 650 #0 - SUBJECT ADDED ENTRY--TOPICAL TERM | |
| Topical term or geographic name as entry element | Bible |
| Form subdivision | Dictionaries. |
| -- | 0000148983 |
| 700 1# - ADDED ENTRY--PERSONAL NAME | |
| Personal name | Manser, Martin H. |
| -- | 0000106191 |
| 700 1# - ADDED ENTRY--PERSONAL NAME | |
| Personal name | Fleming, Natasha B. |
| -- | 0000148992 |
| 700 1# - ADDED ENTRY--PERSONAL NAME | |
| Personal name | Hughes, Kate. |
| -- | 0000148993 |
| 700 1# - ADDED ENTRY--PERSONAL NAME | |
| Personal name | Bridges, Ronald F. |
| -- | 0000148994 |
| 908 ## - PUT COMMAND PARAMETER (RLIN) | |
| Put command parameter | 070215 |
| 950 ## - LOCAL HOLDINGS (RLIN) | |
| -- | 1 |
| Withdrawn status | Lost status | Source of classification or shelving scheme | Not for loan | Home library | Current library | Date acquired | Total Checkouts | Full call number | Barcode | Date last seen | Price effective from | Koha item type |
|---|---|---|---|---|---|---|---|---|---|---|---|---|
| Library of Congress Classification | Not For Loan | Kabarak, Main Campus | Kabarak, Main Campus | 17/12/2015 | BS440 .I54 1999 | 004097 | 17/12/2015 | 17/12/2015 | Reference |